000 00942cam a2200241 a 4500
001 4488142
005 20260422124433.0
008 970212s1997 dcu i100 0 eng
020 _a0821339109
020 _a9780821339107
050 0 0 _aJQ3349.5
_b.C58 1997
082 0 0 _a352.6/3/09660917541
_221
245 0 0 _aCivil service reform in francophone Africa :
_bproceedings of a workshop, Abidjan, January 23-26, 1996 /
_cedited by Ladipo Adamolekun, Guy de Lusignan, Armand Atomate.
260 _aWashington, D.C. :
_bWorld Bank,
_cc1997.
300 _aix, 159 p. ;
_c28 cm.
500 _a"Regional Workshop on Civil Service Reform in Francophone Africa"--Foreword.
650 0 _aCivil service reform
_zAfrica, French-speaking
_xCongresses.
650 0 _aCivil service reform
_zAfrica, Sub-Saharan
_xCongresses.
700 1 _aAdamolekun, 'Ladipo.
700 1 _aLusignan, Guy de.
700 1 _aAtomate, Armand,
_d1959-
942 _2lcc
_cBK
_n0
999 _c9446
_d9446